| 000 | 01019nam a2200205 a 4500 | ||
|---|---|---|---|
| 001 | 39288 | ||
| 005 | 20180714012812.0 | ||
| 008 | 140415s1992 mx 000 0 spa d | ||
| 020 | _a9706132767 | ||
| 041 | _aspa | ||
| 082 |
_a347 _bGOM |
||
| 100 | 1 | _aGómez Lara, Cipriano,. | |
| 245 | 1 | 0 | _aDERECHO PROCESAL CIVIL |
| 250 | _a6a ed. | ||
| 260 |
_aMEXICO : _bOXFORD UNIVERSITY PRESS MEXICO, _c1992, 1998 |
||
| 300 |
_a425 _cx 17 x 23 |
||
| 490 | _aTEXTOS JURIDICOS UNIVERSITARIOS | ||
| 520 | _aESTE LIBRO DE TEXTO POR EXCELENCIA, DESARROLLA DE FORMA DIDACTICA, COMPLETA Y S ISTEMATICA EL PROGRAMA OFICIAL DE DERECHO PROCESAL CIVIL, COMO SE LLEVA EN LA FACULTAD DE DERECHO DE LA UNAM Y EN LOS PRINCIPALES CENTROS DE ESTUDIO DEL PAIS. ESTE LIBRO COMBINA DOS PRACTICAS: LA DOCENTE Y LA JUDICIAL; POR ESTAR ORIENTADA DICHA SINERGICA CONFLUENCIA HACIA LA ENSEÑANZA, LA OBRA ATIENDE MAS A LOS ASPECTOS FORMATIVOS QUE A LOS SIMPLEMENTE INFORMATIVOS. | ||
| 650 | 1 | 4 |
_aDERECHO PROCESAL _xPROCEDIMIENTO CIVIL |
| 999 |
_c39288 _d39288 |
||